| 000 | 00573nam a2200193 u 4500 | ||
|---|---|---|---|
| 005 | 20221116063512.0 | ||
| 008 | 181120s1969 r 000 0 eng d | ||
| 035 | _aUPN01000227960 | ||
| 049 | _aCG | ||
| 050 | 4 |
_aCT21 _bB7.2 |
|
| 100 | 1 |
_aBravo-Villasante, Carmen, _d1918-1994 _930662 |
|
| 245 | 1 | 0 |
_aBiografía y literatura / _cCarmen Bravo-Villasante. |
| 260 |
_aBarcelona, Esp. : _bPlaza & Janés, _c1969. |
||
| 300 | _a222 p. | ||
| 440 | 0 | _aProsistas de lengua española | |
| 650 | 2 |
_aBiografía como forma literaria _94159 |
|
| 905 | _aLibro | ||
| 999 |
_c200055 _d200055 |
||